[Event "DVM U14w 2019"]
[Site "Neumünster GER"]
[Date "2019.12.27"]
[Round "1"]
[White "Reuter, Elisa"]
[Black "Alferova, Emily"]
[Result "1-0"]
[Termination "normal"]
[Board "2.1"]
[WhiteElo "1850"]
[BlackElo "1352"]
[WhiteClock "00:14:58"]
[BlackClock "00:17:31"]
[WhiteTeam "Schachgemeinschaft Leipzig"]
[BlackTeam "SC Garching 1980 e.V."]
[PlyCount "63"]
[WhiteFideId "12995444"]
[BlackFideId "16265904"]
[EventCountry "GER"]
[EventRounds "7"]
[EventType "team-swiss"]
[EventDate "2019.12.26"]

1. e4 { [%clk 1:30:59]}  1... e5 { [%clk 1:30:52]}  2. Nf3 { [%clk 1:31:26]}
2... Nc6 { [%clk 1:31:18]}  3. Bc4 { [%clk 1:31:53]}  3... Bc5 { [%clk
1:31:42]}  4. c3 { [%clk 1:32:20]}  4... Nf6 { [%clk 1:32:07]}  5. d3 { [%clk
1:32:47]}  5... a6 { [%clk 1:32:15]}  6. Bb3 { [%clk 1:33:09]}  6... d6 { [%clk
1:31:33]}  7. Nbd2 { [%clk 1:33:11]}  7... Ba7 { [%clk 1:28:36]}  8. h3 { [%clk
1:31:10]}  8... h6 { [%clk 1:26:17]}  9. Nf1 { [%clk 1:27:53]}  9... Nh5 {
[%clk 1:18:07]}  10. d4 { [%clk 1:06:13]}  10... exd4 { [%clk 1:14:09]}  11.
Nxd4 { [%clk 1:05:01]}  11... Nxd4 { [%clk 1:13:29]}  12. cxd4 { [%clk
1:04:49]}  12... Nf6 { [%clk 1:13:02]}  13. Ng3 { [%clk 1:05:00]}  13... c6 {
[%clk 1:10:00]}  14. O-O { [%clk 1:03:37]}  14... O-O { [%clk 1:09:24]}  15.
Be3 { [%clk 1:02:50]}  15... Qe7 { [%clk 1:08:05]}  16. Bc2 { [%clk 1:01:55]}
16... Rd8 { [%clk 1:06:05]}  17. Qf3 { [%clk 0:56:32]}  17... Re8 { [%clk
1:01:47]}  18. Rfe1 { [%clk 0:47:52]}  18... Bd7 { [%clk 0:58:25]}  19. Rad1 {
[%clk 0:40:15]}  19... b5 { [%clk 0:53:54]}  20. Bc1 { [%clk 0:36:02]}  20...
Rad8 { [%clk 0:49:26]}  21. Bd2 { [%clk 0:28:38]}  21... Bb6 { [%clk 0:45:28]}
22. Bc3 { [%clk 0:28:36]}  22... Nh7 { [%clk 0:41:48]}  23. Qd3 { [%clk
0:26:36]}  23... Nf8 { [%clk 0:35:13]}  24. e5 { [%clk 0:19:35]}  24... Ng6 {
[%clk 0:34:15]}  25. Bb4 { [%clk 0:14:53]}  25... c5 { [%clk 0:25:20]}  26.
exd6 { [%clk 0:14:02]}  26... Qxd6 { [%clk 0:23:15]}  27. Rxe8+ { [%clk
0:13:58]}  27... Rxe8 { [%clk 0:21:33]}  28. dxc5 { [%clk 0:14:07]}  28... Qxd3
{ [%clk 0:20:40]}  29. Bxd3 { [%clk 0:13:51]}  29... Bc7 { [%clk 0:17:04]}  30.
Bxg6 { [%clk 0:14:15]}  30... Bxg3 { [%clk 0:17:20]}  31. fxg3 { [%clk
0:14:31]}  31... fxg6 { [%clk 0:17:31]}  32. Rxd7 { [%clk 0:14:58]}   1-0

[Event "DVM U14w 2019"]
[Site "Neumünster GER"]
[Date "2019.12.27"]
[Round "1"]
[White "Muhina, Alina"]
[Black "Halas, Neele Zoe"]
[Result "0-1"]
[Termination "normal"]
[Board "2.4"]
[WhiteElo "1228"]
[BlackElo "1076"]
[WhiteClock "00:29:40"]
[BlackClock "00:14:26"]
[WhiteTeam "SC Garching 1980 e.V."]
[BlackTeam "Schachgemeinschaft Leipzig"]
[PlyCount "102"]
[WhiteFideId "16298322"]
[BlackFideId "16287282"]
[EventCountry "GER"]
[EventRounds "7"]
[EventType "team-swiss"]
[EventDate "2019.12.26"]

1. e4 { [%clk 1:30:59]}  1... e5 { [%clk 1:30:59]}  2. Nf3 { [%clk 1:31:24]}
2... Nc6 { [%clk 1:31:20]}  3. d4 { [%clk 1:31:50]}  3... exd4 { [%clk
1:31:44]}  4. Nxd4 { [%clk 1:32:16]}  4... Bc5 { [%clk 1:32:07]}  5. Nxc6 {
[%clk 1:32:40]}  5... bxc6 { [%clk 1:32:16]}  6. Nc3 { [%clk 1:33:02]}  6...
Ne7 { [%clk 1:29:39]}  7. Bd3 { [%clk 1:32:36]}  7... d5 { [%clk 1:29:09]}  8.
O-O { [%clk 1:29:54]}  8... O-O { [%clk 1:26:06]}  9. Qh5 { [%clk 1:28:20]}
9... h6 { [%clk 1:19:38]}  10. Bf4 { [%clk 1:20:43]}  10... Be6 { [%clk
1:15:03]}  11. Rad1 { [%clk 1:18:16]}  11... Qd7 { [%clk 1:08:01]}  12. h3 {
[%clk 1:18:20]}  12... Rab8 { [%clk 1:01:49]}  13. b3 { [%clk 1:17:52]}  13...
Qc8 { [%clk 0:58:19]}  14. Na4 { [%clk 1:16:16]}  14... Bb6 { [%clk 0:56:47]}
15. Nxb6 { [%clk 1:10:23]}  15... axb6 { [%clk 0:56:32]}  16. Rfe1 { [%clk
1:09:55]}  16... Rd8 { [%clk 0:53:31]}  17. Re3 { [%clk 1:08:53]}  17... Ng6 {
[%clk 0:49:28]}  18. Bxh6 { [%clk 1:08:03]}  18... gxh6 { [%clk 0:49:02]}  19.
Qxh6 { [%clk 1:08:23]}  19... dxe4 { [%clk 0:48:16]}  20. Be2 { [%clk 0:59:48]}
20... Rxd1+ { [%clk 0:46:11]}  21. Bxd1 { [%clk 1:00:08]}  21... Qf8 { [%clk
0:43:59]}  22. Qg5 { [%clk 0:59:11]}  22... Rd8 { [%clk 0:41:44]}  23. Re1 {
[%clk 0:58:40]}  23... Qe7 { [%clk 0:40:54]}  24. Qh6 { [%clk 0:58:35]}  24...
Qh4 { [%clk 0:39:42]}  25. Qe3 { [%clk 0:58:43]}  25... Bf5 { [%clk 0:37:07]}
26. c4 { [%clk 0:52:50]}  26... Rd3 { [%clk 0:30:31]}  27. Qc1 { [%clk
0:49:13]}  27... Qf4 { [%clk 0:26:07]}  28. Re3 { [%clk 0:43:56]}  28... Rxe3 {
[%clk 0:23:57]}  29. Qxe3 { [%clk 0:42:25]}  29... Qxe3 { [%clk 0:23:56]}  30.
fxe3 { [%clk 0:42:49]}  30... Ne5 { [%clk 0:23:34]}  31. b4 { [%clk 0:39:36]}
31... Nxc4 { [%clk 0:23:37]}  32. Kf2 { [%clk 0:37:59]}  32... Bg6 { [%clk
0:22:43]}  33. g4 { [%clk 0:33:57]}  33... f6 { [%clk 0:22:00]}  34. Bb3 {
[%clk 0:33:55]}  34... Bf7 { [%clk 0:22:14]}  35. Kg3 { [%clk 0:32:48]}  35...
Nxe3 { [%clk 0:21:18]}  36. Bxf7+ { [%clk 0:32:43]}  36... Kxf7 { [%clk
0:21:42]}  37. Kf4 { [%clk 0:32:58]}  37... Nc2 { [%clk 0:21:37]}  38. Kxe4 {
[%clk 0:33:05]}  38... Nxb4 { [%clk 0:21:53]}  39. a4 { [%clk 0:33:20]}  39...
c5 { [%clk 0:22:04]}  40. Ke3 { [%clk 0:33:05]}  40... c6 { [%clk 0:20:47]} 41.
Kd2 { [%clk 0:33:19]}  41... Kg6 { [%clk 0:20:12]}  42. h4 { [%clk 0:33:35]} 
42... Nd5 { [%clk 0:18:43]}  43. Kd3 { [%clk 0:32:12]}  43... Nb4+ { [%clk
0:15:24]}  44. Kc4 { [%clk 0:32:29]}  44... Na6 { [%clk 0:15:13]}  45. Kb3 {
[%clk 0:30:16]}  45... b5 { [%clk 0:14:46]}  46. axb5 { [%clk 0:29:37]} 46...
cxb5 { [%clk 0:15:06]}  47. Kc3 { [%clk 0:29:55]}  47... c4 { [%clk 0:13:48]} 
48. Kb2 { [%clk 0:29:28]}  48... b4 { [%clk 0:14:01]}  49. Kb1 { [%clk
0:29:04]}  49... c3 { [%clk 0:13:59]}  50. Kc2 { [%clk 0:29:22]}  50... Nc5 {
[%clk 0:14:18]}  51. h5+ { [%clk 0:29:40]}  51... Kh6 { [%clk 0:14:26]} 0-1

[Event "DVM U14w 2019"]
[Site "Neumünster GER"]
[Date "2019.12.27"]
[Round "1"]
[White "Krasikova, Milana"]
[Black "Evering, Enna"]
[Result "0-1"]
[Termination "normal"]
[Board "3.3"]
[WhiteElo "1082"]
[BlackElo "1556"]
[WhiteClock "01:16:20"]
[BlackClock "00:23:38"]
[WhiteTeam "Hamburger SK"]
[BlackTeam "SC Papenburg"]
[PlyCount "84"]
[WhiteFideId "16287347"]
[BlackFideId "16218213"]
[EventCountry "GER"]
[EventRounds "7"]
[EventType "team-swiss"]
[EventDate "2019.12.26"]

1. e4 { [%clk 1:30:59]}  1... e5 { [%clk 1:30:51]}  2. Nf3 { [%clk 1:31:25]}
2... Nc6 { [%clk 1:31:12]}  3. Bb5 { [%clk 1:31:48]}  3... a6 { [%clk 1:31:18]}
4. Bxc6 { [%clk 1:30:41]}  4... dxc6 { [%clk 1:29:57]}  5. d3 { [%clk 1:30:14]}
 5... Bd6 { [%clk 1:26:40]}  6. c3 { [%clk 1:28:55]}  6... Bg4 { [%clk
1:18:48]}  7. d4 { [%clk 1:27:33]}  7... Bxf3 { [%clk 1:08:42]}  8. Qxf3 {
[%clk 1:26:47]}  8... Qf6 { [%clk 1:05:34]}  9. Qxf6 { [%clk 1:24:44]}  9...
Nxf6 { [%clk 1:04:11]}  10. Nd2 { [%clk 1:24:45]}  10... O-O-O { [%clk
1:01:54]}  11. O-O { [%clk 1:24:31]}  11... Rhe8 { [%clk 0:59:54]}  12. Re1 {
[%clk 1:23:54]}  12... exd4 { [%clk 0:57:23]}  13. cxd4 { [%clk 1:23:55]} 13...
Bb4 { [%clk 0:56:05]}  14. e5 { [%clk 1:22:23]}  14... Nd5 { [%clk 0:41:46]} 
15. a3 { [%clk 1:21:46]}  15... Bxd2 { [%clk 0:40:49]}  16. Bxd2 { [%clk
1:22:04]}  16... Nb6 { [%clk 0:36:44]}  17. Bc3 { [%clk 1:20:57]}  17... Na4 {
[%clk 0:34:07]}  18. Rac1 { [%clk 1:20:37]}  18... Nxc3 { [%clk 0:33:49]} 19.
bxc3 { [%clk 1:20:37]}  19... Rd5 { [%clk 0:32:16]}  20. a4 { [%clk 1:19:27]} 
20... c5 { [%clk 0:30:30]}  21. Rcd1 { [%clk 1:18:30]}  21... cxd4 { [%clk
0:29:08]}  22. Rxd4 { [%clk 1:16:38]}  22... Rdxe5 { [%clk 0:27:42]}  23. Rxe5
{ [%clk 1:16:26]}  23... Rxe5 { [%clk 0:28:07]}  24. f4 { [%clk 1:16:09]} 24...
Rc5 { [%clk 0:27:20]}  25. c4 { [%clk 1:14:48]}  25... Ra5 { [%clk 0:27:25]} 
26. Re4 { [%clk 1:13:19]}  26... Kd7 { [%clk 0:21:21]}  27. Rd4+ { [%clk
1:12:39]}  27... Ke6 { [%clk 0:20:39]}  28. Re4+ { [%clk 1:12:52]}  28... Kf6 {
[%clk 0:19:27]}  29. Re5 { [%clk 1:12:14]}  29... Rxe5 { [%clk 0:19:37]} 30.
fxe5+ { [%clk 1:12:33]}  30... Kxe5 { [%clk 0:20:05]}  31. Kf2 { [%clk
1:12:46]}  31... Kd4 { [%clk 0:20:27]}  32. Kf3 { [%clk 1:13:15]}  32... Kxc4 {
[%clk 0:20:52]}  33. g4 { [%clk 1:13:38]}  33... Kb4 { [%clk 0:21:16]}  34. h4
{ [%clk 1:13:54]}  34... c5 { [%clk 0:21:33]}  35. g5 { [%clk 1:14:16]}  35...
c4 { [%clk 0:21:30]}  36. Ke2 { [%clk 1:14:14]}  36... Kb3 { [%clk 0:21:30]}
37. Kd2 { [%clk 1:14:32]}  37... Kb2 { [%clk 0:21:47]}  38. Kd1 { [%clk
1:14:53]}  38... c3 { [%clk 0:22:12]}  39. h5 { [%clk 1:15:18]}  39... c2+ {
[%clk 0:22:38]}  40. Kd2 { [%clk 1:15:43]}  40... c1=Q+ { [%clk 0:22:59]}  41.
Kd3 { [%clk 1:16:00]}  41... Qc5 { [%clk 0:23:13]}  42. Ke4 { [%clk 1:16:20]}
42... Qxg5 { [%clk 0:23:38]}   0-1

[Event "DVM U14w 2019"]
[Site "Neumünster GER"]
[Date "2019.12.27"]
[Round "1"]
[White "Werner, Rosalie"]
[Black "Stepanjan, Marianne"]
[Result "1-0"]
[Termination "normal"]
[Board "4.1"]
[WhiteElo "1674"]
[BlackElo "1414"]
[WhiteClock "00:04:14"]
[BlackClock "00:14:38"]
[WhiteTeam "VSG 1880 Offenbach"]
[BlackTeam "TuRa Harksheide von 1945 Norderstedt e.V."]
[PlyCount "55"]
[WhiteFideId "16223748"]
[BlackFideId "16246110"]
[EventCountry "GER"]
[EventRounds "7"]
[EventType "team-swiss"]
[EventDate "2019.12.26"]

1. e4 { [%clk 1:30:58]}  1... c5 { [%clk 1:30:55]}  2. Nf3 { [%clk 1:31:22]}
2... d6 { [%clk 1:31:18]}  3. d4 { [%clk 1:31:47]}  3... cxd4 { [%clk 1:31:43]}
4. Nxd4 { [%clk 1:32:11]}  4... Nf6 { [%clk 1:31:51]}  5. Nc3 { [%clk 1:32:35]}
 5... e6 { [%clk 1:32:16]}  6. f4 { [%clk 1:31:24]}  6... a6 { [%clk 1:31:19]} 
7. Be2 { [%clk 1:31:16]}  7... Qc7 { [%clk 1:30:09]}  8. O-O { [%clk 1:28:44]} 
8... Be7 { [%clk 1:28:43]}  9. Be3 { [%clk 1:26:56]}  9... O-O { [%clk
1:28:26]}  10. Qe1 { [%clk 1:22:35]}  10... e5 { [%clk 1:28:04]}  11. Nb3 {
[%clk 1:12:24]}  11... Nc6 { [%clk 1:24:07]}  12. f5 { [%clk 1:02:22]}  12...
b5 { [%clk 1:18:08]}  13. Qg3 { [%clk 0:57:17]}  13... Rd8 { [%clk 1:16:12]}
14. Bh6 { [%clk 0:46:36]}  14... Bf8 { [%clk 1:14:02]}  15. Nd5 { [%clk
0:29:24]}  15... Nxd5 { [%clk 1:10:05]}  16. exd5 { [%clk 0:29:47]}  16... Nb4
{ [%clk 1:08:54]}  17. f6 { [%clk 0:28:36]}  17... Qxc2 { [%clk 1:02:45]}  18.
Bh5 { [%clk 0:20:05]}  18... Bf5 { [%clk 0:46:45]}  19. fxg7 { [%clk 0:17:27]}
19... Be7 { [%clk 0:46:26]}  20. Rf2 { [%clk 0:13:13]}  20... Qe4 { [%clk
0:41:40]}  21. Bxf7+ { [%clk 0:08:44]}  21... Kxf7 { [%clk 0:39:16]}  22. Qh3 {
[%clk 0:07:08]}  22... Kg6 { [%clk 0:36:59]}  23. g4 { [%clk 0:04:02]}  23...
Bxg4 { [%clk 0:29:14]}  24. Rg2 { [%clk 0:03:23]}  24... Kf5 { [%clk 0:16:15]}
25. Rf1+ { [%clk 0:03:26]}  25... Kg6 { [%clk 0:14:17]}  26. Rxg4+ { [%clk
0:03:37]}  26... Qxg4+ { [%clk 0:14:26]}  27. Qxg4+ { [%clk 0:04:01]}  27...
Kxh6 { [%clk 0:14:38]}  28. Rf5 { [%clk 0:04:14]}   1-0

[Event "DVM U14w 2019"]
[Site "Neumünster GER"]
[Date "2019.12.27"]
[Round "1"]
[White "Dixon, Laura Michaela"]
[Black "Chen, Michelle"]
[Result "1-0"]
[Termination "normal"]
[Board "4.3"]
[WhiteElo "1310"]
[BlackElo "1072"]
[WhiteClock "00:10:01"]
[BlackClock "00:05:10"]
[WhiteTeam "VSG 1880 Offenbach"]
[BlackTeam "TuRa Harksheide von 1945 Norderstedt e.V."]
[PlyCount "97"]
[WhiteFideId "16248708"]
[BlackFideId "16275403"]
[EventCountry "GER"]
[EventRounds "7"]
[EventType "team-swiss"]
[EventDate "2019.12.26"]

1. e4 { [%clk 1:30:54]}  1... e5 { [%clk 1:30:50]}  2. Nf3 { [%clk 1:31:18]}
2... Nc6 { [%clk 1:31:07]}  3. Bc4 { [%clk 1:31:38]}  3... Bc5 { [%clk
1:31:08]}  4. c3 { [%clk 1:31:41]}  4... Nge7 { [%clk 1:23:33]}  5. d4 { [%clk
1:30:41]}  5... exd4 { [%clk 1:22:23]}  6. cxd4 { [%clk 1:30:52]}  6... Bb4+ {
[%clk 1:22:26]}  7. Bd2 { [%clk 1:30:42]}  7... Bxd2+ 8. Nbxd2 { [%clk
1:30:37]}  8... d5 { [%clk 1:14:52]}  9. Bb5 { [%clk 1:16:34]}  9... Bg4 {
[%clk 1:09:36]}  10. e5 { [%clk 1:12:10]}  10... a6 { [%clk 1:08:46]}  11. Be2
{ [%clk 1:08:40]}  11... Nf5 { [%clk 1:07:11]}  12. Nb3 { [%clk 1:07:20]} 12...
Qe7 { [%clk 1:02:27]}  13. Qd2 { [%clk 0:51:19]}  13... Bxf3 { [%clk 1:00:58]} 
14. Bxf3 { [%clk 0:51:22]}  14... Qb4 { [%clk 0:54:24]}  15. Qxb4 Nxb4 { [%clk
0:53:59]}  16. O-O { [%clk 0:48:54]}  16... O-O { [%clk 0:49:49]} 17. a3 {
[%clk 0:47:51]}  17... Nc6 { [%clk 0:48:27]}  18. Bxd5 { [%clk 0:47:01]}  18...
Nfxd4 { [%clk 0:44:40]}  19. Nxd4 { [%clk 0:46:35]}  19... Nxd4 { [%clk
0:43:52]}  20. Bxb7 { [%clk 0:46:22]}  20... Rab8 { [%clk 0:42:44]}  21. Bxa6 {
[%clk 0:46:24]}  21... Rxb2 { [%clk 0:42:19]}  22. a4 { [%clk 0:41:38]}  22...
Re8 { [%clk 0:41:47]}  23. f4 { [%clk 0:39:49]}  23... Ra8 { [%clk 0:37:31]} 
24. Bd3 { [%clk 0:35:04]}  24... Rb4 { [%clk 0:37:00]} 25. Rfb1 { [%clk
0:25:38]}  25... Rxb1+ { [%clk 0:29:20]}  26. Rxb1 { [%clk 0:25:56]}  26... g6
{ [%clk 0:26:58]}  27. Ra1 { [%clk 0:24:09]}  27... Kf8 { [%clk 0:24:45]}  28.
Ra2 { [%clk 0:22:06]}  28... Nb3 { [%clk 0:23:12]}  29. Bc4 { [%clk 0:20:36]} 
29... Na5 { [%clk 0:22:41]}  30. Rc2 { [%clk 0:19:19]} 30... Ke7 { [%clk
0:19:14]}  31. Kf2 { [%clk 0:18:22]}  31... f6 { [%clk 0:19:03]}  32. Ke3 {
[%clk 0:15:14]}  32... Nxc4+ { [%clk 0:17:35]}  33. Rxc4 { [%clk 0:15:34]} 
33... Rc8 { [%clk 0:16:10]}  34. a5 { [%clk 0:14:50]}  34... f5 { [%clk
0:15:28]}  35. Rc6 { [%clk 0:11:26]}  35... Kd7 { [%clk 0:12:58]} 36. Rf6 {
[%clk 0:11:31]}  36... c5 { [%clk 0:12:52]}  37. Kd3 { [%clk 0:11:05]}  37...
Ke7 { [%clk 0:12:39]}  38. Kc4 { [%clk 0:11:12]}  38... Kd7 { [%clk 0:11:28]} 
39. Rb6 { [%clk 0:08:46]}  39... Rc7 { [%clk 0:09:26]}  40. Rb5 { [%clk
0:08:28]}  40... Kc6 { [%clk 0:08:21]}  41. Rxc5+ { [%clk 0:08:36]} 41... Kb7 {
[%clk 0:08:31]}  42. Rxc7+ { [%clk 0:08:44]}  42... Kxc7 { [%clk 0:08:56]}  43.
Kb5 { [%clk 0:08:59]}  43... h6 { [%clk 0:08:37]}  44. e6 { [%clk 0:08:47]} 
44... Kb7 { [%clk 0:07:51]}  45. e7 { [%clk 0:09:05]}  45... g5 { [%clk
0:07:47]}  46. e8=Q { [%clk 0:09:13]}  46... g4 { [%clk 0:06:29]} 47. Qc6+ {
[%clk 0:09:23]}  47... Ka7 { [%clk 0:05:23]}  48. a6 { [%clk 0:09:40]}  48...
Kb8 { [%clk 0:05:10]}  49. Qb7# { [%clk 0:10:01]}   1-0

[Event "DVM U14w 2019"]
[Site "Neumünster GER"]
[Date "2019.12.27"]
[Round "1"]
[White "Yue, Qizhou"]
[Black "Hellenbroich, Helene"]
[Result "1-0"]
[Termination "normal"]
[Board "5.1"]
[WhiteElo "1784"]
[BlackElo "1346"]
[WhiteTeam "SV Multatuli Ingelheim e.V."]
[BlackTeam "Lübecker SV von 1873"]
[PlyCount "29"]
[WhiteFideId "16273800"]
[BlackFideId "16270754"]
[EventCountry "GER"]
[EventRounds "7"]
[EventType "team-swiss"]
[EventDate "2019.12.26"]

1. e4 e6 2. d4 d5 3. Nd2 Nf6 4. e5 Nfd7 5. f4 f6 6. Bd3 g6 7. exf6 Qxf6 8. Ndf3
Bd6 9. Nh3 Nb6 10. c3 Nc6 11. O-O Bd7 12. Ne5 Bxe5 13. fxe5 Qh4 14. Bg5 Qh5 15.
Be2  1-0

[Event "DVM U14w 2019"]
[Site "Neumünster GER"]
[Date "2019.12.27"]
[Round "1"]
[White "Gossing, Marie-Sophie"]
[Black "von Beckh, Frieda"]
[Result "0-1"]
[Termination "normal"]
[Board "5.2"]
[WhiteElo "1263"]
[BlackElo "1513"]
[WhiteTeam "Lübecker SV von 1873"]
[BlackTeam "SV Multatuli Ingelheim e.V."]
[PlyCount "42"]
[WhiteFideId "16217284"]
[BlackFideId "16233751"]
[EventCountry "GER"]
[EventRounds "7"]
[EventType "team-swiss"]
[EventDate "2019.12.26"]

1. e4 c5 2. d4 cxd4 3. c3 Nf6 4. Bd3 Nc6 5. Ne2 d5 6. exd5 Nxd5 7. Bb5 e5 8.
O-O Bc5 9. cxd4 exd4 10. Nxd4 Bxd4 11. Qxd4 O-O 12. Qd1 Be6 13. b3 Qf6 14. Qc2
Qxa1 15. Bb2 Qxa2 16. Ba4 Nd4 17. Nc3 Qxa4 18. bxa4 Nxc2 19. Ne4 Rfd8 20. Rd1
Rac8 21. h3 Ncb4  0-1

[Event "DVM U14w 2019"]
[Site "Neumünster GER"]
[Date "2019.12.27"]
[Round "1"]
[White "Albrecht, Angelique"]
[Black "Alscher, Anouk"]
[Result "1-0"]
[Termination "normal"]
[Board "5.3"]
[WhiteElo "1219"]
[BlackElo "1110"]
[WhiteTeam "SV Multatuli Ingelheim e.V."]
[BlackTeam "Lübecker SV von 1873"]
[PlyCount "85"]
[WhiteFideId "16298284"]
[BlackFideId "16217292"]
[EventCountry "GER"]
[EventRounds "7"]
[EventType "team-swiss"]
[EventDate "2019.12.26"]

1. e4 e5 2. Nf3 Nc6 3. Bc4 Bc5 4. d3 d6 5. Ng5 Qf6 6. O-O Be6 7. Bxe6 fxe6 8.
Qg4 Nd4 9. Nc3 Nxc2 10. Rb1 Nd4 11. Be3 h6 12. Bxd4 hxg5 13. Be3 Bxe3 14. fxe3
Qh6 15. h3 Nf6 16. Qxe6+ Kd8 17. Rbc1 g4 18. Kf2 gxh3 19. Ke2 hxg2 20. Rg1 Qh1
21. Rxh1 Rxh1 22. Kf2 Rxc1 23. Kxg2 Rc2+ 24. Kf3 Rxb2 25. Nd5 Nxd5 26. exd5 Rc8
27. Qg8+ Kd7 28. Qxg7+ Kd8 29. Ke4 Rf2 30. Qh8+ Kd7 31. Qh7+ Kd8 32. Qh4+ Kd7
33. Qxf2 b5 34. Qc2 a5 35. Qc6+ Kd8 36. Qxb5 Ke7 37. Qxa5 Kd7 38. Qb5+ Kd8 39.
a4 Ke7 40. a5 Ra8 41. a6 Kd8 42. Qb7 Rc8 43. a7  1-0

[Event "DVM U14w 2019"]
[Site "Neumünster GER"]
[Date "2019.12.27"]
[Round "1"]
[White "Rosin, Ida"]
[Black "Gyácsok, Dzvinka"]
[Result "1-0"]
[Termination "normal"]
[Board "5.4"]
[WhiteElo "1389"]
[BlackElo "997"]
[WhiteTeam "Lübecker SV von 1873"]
[BlackTeam "SV Multatuli Ingelheim e.V."]
[PlyCount "107"]
[WhiteFideId "16273214"]
[BlackFideId "16298292"]
[EventCountry "GER"]
[EventRounds "7"]
[EventType "team-swiss"]
[EventDate "2019.12.26"]

1. e4 e5 2. Nf3 Nc6 3. d4 f6 4. Be3 Bb4+ 5. c3 Ba5 6. Bc4 Nge7 7. O-O d5 8. Bb3
Be6 9. Re1 Qd6 10. Nbd2 O-O-O 11. Nf1 f5 12. exf5 Nxf5 13. Ng5 e4 14. Bc2 h6
15. Nxe6 Qxe6 16. Re2 Nce7 17. b4 Bb6 18. Bf4 g5 19. Be5 Rhf8 20. Ng3 Nc6 21.
Nxf5 Rxf5 22. Bg3 h5 23. f3 e3 24. Bxf5 Qxf5 25. Rxe3 h4 26. Bf2 a6 27. h3 Ba7
28. a3 Bb8 29. Rb1 Na7 30. a4 Qf4 31. Kf1 Qh2 32. Bg1 Qg3 33. Qe2 b6 34. Qxa6+
Kd7 35. Rbe1 Qxe1+ 36. Rxe1 Nc8 37. Qb5+ c6 38. Qe2 Kc7 39. Bh2+ Kb7 40. Bxb8
Kxb8 41. a5 b5 42. Qe6 Rd6 43. Qe8 Kc7 44. Re7+ Nxe7 45. Qxe7+ Rd7 46. Qxg5 Rd8
47. Qxh4 Re8 48. Qh5 Re3 49. Qf7+ Kd6 50. Qf4+ Kd7 51. Qxe3 Kc7 52. Qe7+ Kc8
53. a6 Kb8 54. Qb7#  1-0

[Event "DVM U14w 2019"]
[Site "Neumünster GER"]
[Date "2019.12.27"]
[Round "1"]
[White "Bone, Franziska"]
[Black "Berghold, Lotta"]
[Result "0-1"]
[Termination "normal"]
[Board "6.1"]
[WhiteElo "1115"]
[BlackElo "1398"]
[WhiteTeam "Schachgemeinschaft Turm Raesfeld/Erle"]
[BlackTeam "SC Borussia Lichtenberg"]
[PlyCount "93"]
[WhiteFideId "16261488"]
[BlackFideId "16243463"]
[EventCountry "GER"]
[EventRounds "7"]
[EventType "team-swiss"]
[EventDate "2019.12.26"]

1. e4 b6 2. d4 Bb7 3. Bd3 e6 4. Nf3 Nf6 5. Qe2 d5 6. e5 Nfd7 7. Ng5 Be7 8. Qh5
g6 9. Qh6 Bf8 10. Qh3 Bg7 11. Be3 Nf8 12. Nd2 Nc6 13. f4 Nb4 14. Bf2 Qd7 15. a3
Nxd3+ 16. Qxd3 O-O-O 17. O-O-O h6 18. Ngf3 Kb8 19. Nb3 Qa4 20. g4 Ba6 21. Qe3
Qd7 22. g5 h5 23. Be1 Rc8 24. Bb4 Qd8 25. Nfd2 Nd7 26. Qc3 Bf8 27. h4 Bxb4 28.
Qxb4 Bb7 29. Qc3 c5 30. dxc5 d4 31. Qxd4 Bxh1 32. Rxh1 Nxc5 33. Qg1 Nxb3+ 34.
Nxb3 Qd5 35. Rh3 Qe4 36. Qf2 Rc4 37. Kb1 Rhc8 38. Rh2 Qxf4 39. Qe2 Qe4 40. Qxe4
Rxe4 41. Rf2 Rc7 42. Rd2 Rxe5 43. Nd4 Ra5 44. Kc1 Kb7 45. c3 Rc4 46. Kd1 e5 47.
Nf3  0-1

[Event "DVM U14w 2019"]
[Site "Neumünster GER"]
[Date "2019.12.27"]
[Round "1"]
[White "Müller, Helene"]
[Black "Bone, Annalena"]
[Result "1-0"]
[Termination "normal"]
[Board "6.2"]
[WhiteElo "1545"]
[BlackElo "1109"]
[WhiteTeam "SC Borussia Lichtenberg"]
[BlackTeam "Schachgemeinschaft Turm Raesfeld/Erle"]
[PlyCount "79"]
[WhiteFideId "16240456"]
[BlackFideId "16284453"]
[EventCountry "GER"]
[EventRounds "7"]
[EventType "team-swiss"]
[EventDate "2019.12.26"]

1. e4 e5 2. Nf3 Nc6 3. Bc4 Bc5 4. c3 Nf6 5. d3 h6 6. O-O d6 7. Nbd2 Bg4 8. Re1
O-O 9. Nf1 Re8 10. Ng3 Qd7 11. h3 Bxh3 12. gxh3 Qxh3 13. Be3 Bb6 14. Bxb6 axb6
15. Nh2 h5 16. Re3 Ng4 17. Nxg4 hxg4 18. Nf5 Qh5 19. Rg3 g6 20. Qxg4 Qxg4 21.
Rxg4 Kf8 22. Nh6 Kg7 23. Nxf7 Rf8 24. Ng5 Rh8 25. Ne6+ Kf7 26. Nxc7+ Kg7 27.
Nxa8 Rxa8 28. f4 exf4 29. Rxf4 Ra5 30. Rf7+ Kh6 31. Rxb7 Rg5+ 32. Kf2 Rh5 33.
Rxb6 Ne5 34. Rxd6 Rh2+ 35. Ke3 Rh3+ 36. Kd4 Nf3+ 37. Kc5 Ne5 38. Rf1 Rh5 39.
Rd5 Nxd3+ 40. Bxd3  1-0